Embeddedness, path dependency and social institutions: an economic sociology approach /
সংরক্ষণ করুন:
| প্রধান লেখক: | |
|---|---|
| অন্যান্য লেখক: | |
| বিন্যাস: | পাঠ্য |
| বিষয়গুলি: | |
| ট্যাগগুলো: |
ট্যাগ যুক্ত করুন
কোনো ট্যাগ নেই, প্রথমজন হিসাবে ট্যাগ করুন!
|
MARC
| LEADER | 00000 a a2200000 04500 | ||
|---|---|---|---|
| 001 | 4759 | ||
| 003 | |||
| 040 | |||
| 100 | |a Ghezzi, Simone | ||
| 245 | |a Embeddedness, path dependency and social institutions: |b an economic sociology approach / |c Simone Ghezzi ; Enzo Mingione | ||
| 650 | |a ASPECTOS ECONOMICOS | ||
| 650 | |a REDES SOCIALES | ||
| 650 | |a CAMBIO SOCIAL | ||
| 650 | |a MODELOS | ||
| 650 | |a ASPECTOS POLITICOS | ||
| 650 | |a RELACIONES DE PODER | ||
| 650 | |a RECIPROCIDAD | ||
| 650 | |a EUROPA | ||
| 700 | |a Mingione, Enzo | ||
| 773 | |g volumen 55, número 1; páginas 11-23 | ||
| 999 | |c 36956 |d 36956 | ||
| 773 | 0 | |0 18701 |9 10522 |d Los Angeles: SAGE Publications |o 02260 |t Current Sociology / |x 00113921 | |
